000
00335nam a22001457a 4500
003
OSt
008
240410b |||||||| |||| 00| 0 eng d
020
_a
9798888839430
100
_a
MISHRA,Kashinath
245
_a
Bhavishya Malika Puran
250
_a
1st Ed
260
_a
India
_b
Notion Press
_c
2023
300
_a
101
942
_2
ddc
_c
BK
999
_c
12427
_d
12427